000 00214 a2200097 4500
001 3366
100 _aKlein, L
245 _aIts easy to use electronic test equipment
260 _a
_bRider
_c
090 _c2643
_d2643
942 _aNUST-CAE
_cM
_c18258
999 _c238439
_d238439